| 000 | 00537nam a2200181Ia 4500 | ||
|---|---|---|---|
| 999 |
_c23310 _d23310 |
||
| 003 | OSt | ||
| 005 | 20200207111725.0 | ||
| 008 | 190216s9999||||xx |||||||||||||| ||und|| | ||
| 020 | _a8182711924 | ||
| 040 | _coclc | ||
| 082 |
_a297.4 _bQAD/I |
||
| 100 |
_a Qadiri, Sayyid Ahmed Urooj _91892 |
||
| 245 | 0 |
_aIslamika Soofism / _cSayyid Ahmed Urooj Qadiri |
|
| 260 |
_bIslamic Publishing House, _c2006. _aKozhikode: |
||
| 300 | _a220p | ||
| 650 | _aIslamic History | ||
| 942 |
_cBK _2ddc _h297.4 _iQAD/I _k297.4 _mQAD/I |
||